000
00214 a2200097 4500
001
42371
100
_a
Rice D T
245
_a
The Back Ground of Art
260
_a
_b
Thomas Nelson & Sons
_c
090
_c
26306
_d
26306
942
_a
NUST-CAE
_c
M
_c
18121
999
_c
277444
_d
277444